My Hero Academia | Devine le personnage | Moyen - Statistiques

Statistiques générales
  • Ce quiz a été pris 46 fois
  • Le résultat moyen est 10 sur 16
Statistiques - réponses
Par images Réponse % Correct
Nejire Hado
88%
Tsunagu Hakamata
86%
Hanta Sero
85%
Minoru Mineta
84%
Shuichi Iguchi
83%
Ken Ishiyama
82%
Taishiro Toyomitsu
80%
Imasuji Goto
76%
Kurogiri
75%
Mezo Shoji
72%
Shinji Nishiya
71%
Mei Hatsume
70%
Toru Hagakure
69%
Eri
67%
Hizashi Yamada
67%
Kaina Tsutsumi
65%
Rikido Sato
64%
Rumi Usagiyama
64%
Nemuri Kayama
62%
Shinya Kamihara
61%
Tamaki Amajiki
59%
Mashirao Ojiro
58%
Atsuhiro Sako
57%
Cathleen Bate
56%
Hitoshi Shinso
56%
Rikiya Yotsubashi
54%
Gigantomachia
50%
Kenji Hikiishi
50%
Mirai Sasaki
50%
Yuga Aoyama
50%
Itsuka Kendo
48%
Neito Monoma
42%
Koji Koda
36%
Ibara Shiozaki
25%
Camie Utsushimi
22%
Danjuro Tobita
14%
Aucun quiz correspondant
Distribution des résultats
% des personnes avec chaque résultat
Percentile par nombre de réponses
Votre historique - résultats
Vous n’avez pas pris ce quiz